| 000 | 01355cam a22002771i 4500 | ||
|---|---|---|---|
| 003 | SA-RiAUC | ||
| 005 | 20250918080240.0 | ||
| 008 | 250817s1999 su g 000 0cara c | ||
| 040 |
_aJO-IrYU _bara _cSA-RiAUC _erda |
||
| 082 | 0 | 4 |
_a922.584 _qSA-RiAUC |
| 090 |
_a922.584 _bا ب ن ح |
||
| 100 | 1 |
_aابن حمدان، سليمان بن عبد الرحمن بن محمد، _d1322-1397 هجري _eمؤلف. |
|
| 245 | 1 | 0 |
_aتراجم لمتأخري الحنابلة / _cسليمان بن عبد الرحمن بن حمدان ؛ تحقيق بكر بن عبد الله أبو زيد. |
| 250 | _aالطبعة الأولى. | ||
| 264 | 1 |
_aالدمام، السعودية : _bدار ابن الجوزي، _c[1999] |
|
| 300 |
_a176 صفحة ؛ _c24 سم |
||
| 336 |
_aنص _btxt _2rdacontent _3كتاب |
||
| 337 |
_aبدون وسيط _bn _2rdamedia |
||
| 338 |
_aمجلد _bnc _2rdacarrier |
||
| 650 | 7 |
_aالفقهاء الحنابلة _vتراجم _2aucsh |
|
| 650 | 7 |
_aالعلماء المسلمون _vتراجم _2aucsh |
|
| 700 | 1 |
_aأبو زيد، بكر بن عبد الله، _d1365-1429 هجري _eمحقق. |
|
| 700 | 1 | 2 |
_iتحقيق لـ : _aابن حمدان، سليمان بن عبد الرحمن بن محمد، _d1322-1397 هجري. _tتراجم لمتأخري الحنابلة |
| 942 |
_2ddc _cBOOK _n0 |
||
| 949 |
_aSA-JeALM _d250817 _uosman123 _n1 |
||
| 999 |
_c11921 _d11921 |
||